PAGETS LAW OF BANKING (Record no. 162660)
[ view plain ]
| 000 -LEADER | |
|---|---|
| fixed length control field | 00232nam a2200097Ia 4500 |
| 050 ## - LIBRARY OF CONGRESS CALL NUMBER | |
| Classification number | KD 1715 P34 2007 5 |
| 100 ## - MAIN ENTRY--PERSONAL NAME | |
| Personal name | HAPGOOD,MARK |
| 245 #0 - TITLE STATEMENT | |
| Title | PAGETS LAW OF BANKING |
| 942 ## - ADDED ENTRY ELEMENTS (KOHA) | |
| Koha item type | Long Loan Book |
| Withdrawn status | Lost status | Source of classification or shelving scheme | Damaged status | Not for loan | Collection | Home library | Current library | Date acquired | Inventory number | Total checkouts | Full call number | Barcode | Date last seen | Copy number | Price effective from | Koha item type | Date last checked out |
|---|---|---|---|---|---|---|---|---|---|---|---|---|---|---|---|---|---|
| Library of Congress Classification | Law | Kisii University Library | Kisii University Library | 09/15/2023 | 31189 | KD 1715 .P34 2007 | 023370 | 09/15/2023 | 5 | 09/15/2023 | Long Loan Book | ||||||
| Library of Congress Classification | Law | Kisii University Library | Kisii University Library | 11/30/2023 | 31188 | KD 1715 .P34 2007 | 023371 | 11/30/2023 | 4 | 11/30/2023 | Long Loan Book | ||||||
| Library of Congress Classification | Law | Kisii University Library | Kisii University Library | 11/30/2023 | 31187 | KD 1715 .P34 2007 | 023372 | 11/30/2023 | 3 | 11/30/2023 | Long Loan Book | ||||||
| Library of Congress Classification | Law | Kisii University Library | Kisii University Library | 11/30/2023 | 31186 | 1 | KD 1715 .P34 2007 | 023373 | 11/18/2024 | 2 | 11/30/2023 | Long Loan Book | 11/05/2024 |